Colección de ensayos i Documentos relativos a la Unión i Confederación de los pueblos Hispano Americanos
Furkejuvvon:
| Searvvušdahkki: | |
|---|---|
| Materiálatiipa: | Girji |
| Giella: | espánnjágiella |
| Almmustuhtton: |
Santiago
Imprenta Chilena
1862
|
| Preanttus: | 1a. ed |
| Fáttát: | |
| Fáddágilkorat: |
Lasit fáddágilkoriid
Eai fáddágilkorat, Lasit vuosttaš fáddágilkora!
|
MARC
| LEADER | 00000nam a2200000 a 4500 | ||
|---|---|---|---|
| 001 | UCJ6784 | ||
| 003 | CL-VaPUC | ||
| 008 | 070124e18620000CL |||||||||||||||||spa|d | ||
| 082 | 0 | 4 | |a 980 |b SOC |2 21 |
| 110 | 2 | |a Sociedad de la Unión Americana, de Santiago de Chile |e author |9 514113 | |
| 245 | 1 | 0 | |a Colección de ensayos i Documentos relativos a la Unión i Confederación de los pueblos Hispano Americanos |
| 246 | 1 | 0 | |a Bases de Unión Americana discutidas i aprobadas por la Sociedad Unión Americana de Santiago |
| 250 | |a 1a. ed | ||
| 300 | |a 2 v | ||
| 942 | |c BK | ||
| 945 | |d 20070124 00:00:00 |a rinostro | ||
| 260 | |a Santiago |b Imprenta Chilena |c 1862 | ||
| 650 | 7 | |a DERECHO INTERNACIONAL PUBLICO |2 CL-VaPUC |9 514114 | |
| 650 | 7 | |a PANAMERICANISMO |2 CL-VaPUC |9 316147 | |
| 650 | 0 | |a Diplomacia |9 256483 | |
| 650 | 7 | |a CONGRESO DE PANAMA |2 CL-VaPUC |9 513216 | |
| 650 | 7 | |a CONGRESO DE LIMA |2 CL-VaPUC |9 513217 | |
| 650 | 0 | |a Tratados internacionales |9 256056 | |
| 650 | 7 | |a DERECHO DE ASILO |2 CL-VaPUC |9 514115 | |
| 650 | 7 | |a GUERRA CON ESPAÑA |2 CL-VaPUC |9 504456 | |
| 583 | |a last modification |c 20130925 06:29:09 |k Rodrigo Vera | ||
| 999 | |c 322886 |d 322884 | ||
| 952 | |0 0 |1 0 |4 0 |6 980_000000000000000_SOC_1862 |7 0 |8 X |9 402030 |a FDOBUD |b FDOBUD |d 2019-11-22 |h v.1 |i 1052926 |o 980 SOC 1862 |p 1052926 |r 2019-11-22 |w 2019-11-22 |y BK_X |k BUD | ||
| 952 | |0 0 |1 0 |4 0 |6 980_000000000000000_SOC_1862 |7 0 |8 X |9 402031 |a FDOBUD |b FDOBUD |d 2019-11-22 |h v.2 |i 1052934 |o 980 SOC 1862 |p 1052934 |r 2019-11-22 |w 2019-11-22 |y BK_X |k BUD | ||